| 000 | 00696nam a2200205 a 4500 | ||
|---|---|---|---|
| 005 | 20140414132102.0 | ||
| 008 | 100722s19uu xx 00 eng d | ||
| 020 | _a9781595665928 | ||
| 050 |
_aM 627.12 _bG54 2008 |
||
| 100 | _aGilbert, Adrian | ||
| 245 | _aSecret agents. | ||
| 260 |
_aLondon : _bQED, _c2008. |
||
| 300 | _a32 p. | ||
| 440 | _aSpy files | ||
| 500 | _aIncludes index. | ||
| 520 | _a"Discusses American, British, and Russian spies and secret agents, and the history of espionage. Includes profiles of famous spies and double agents"--Provided by publisher. | ||
| 650 | _aSecret service --Juvenile literature. | ||
| 650 | _aSpies --Juvenile literature. | ||
| 999 |
_c114502 _d114502 |
||